[Event "Asia-ch U20"]
[Site "Ulaanbaatar"]
[Date "2018.08.25"]
[Round "9"]
[White "Ulziikhishig, Khishigbat"]
[Black "Erdemdalai, Yondonjamts"]
[Result "0-1"]
[WhiteElo "1517"]
[BlackElo "1788"]
[PlyCount "80"]
[EventDate "2018.08.19"]
[EventType "swiss"]
[EventRounds "9"]
[EventCountry "MGL"]
[SourceTitle "CBM 186 Extra"]
[Source "ChessBase"]
[SourceDate "2018.08.24"]
[SourceVersion "1"]
[SourceVersionDate "2018.08.24"]
[SourceQuality "1"]

1. d4 Nf6 2. c4 g6 3. Nc3 d5 4. e3 Bg7 5. h3 0-0 6. cxd5 Nxd5 7. Bc4 Nb6 8. Bb3 Nc6 9. Nf3 e5 10. dxe5 Nxe5 11. 0-0 Nd3 12. Bc2 Nxc1 13. Qxc1 Qe7 14. Rb1 Be6 15. Nd4 Bc4 16. Rd1 c5 17. Nb3 Be6 18. Ne4 Rac8 19. Nd6 Rcd8 20. Ne4 c4 21. Nd4 Bc8 22. Ng3 f5 23. Nf3 Be6 24. Ne2 Bf7 25. Ned4 Nd5 26. Re1 Nb4 27. a3 Nxc2 28. Qxc2 a6 29. Rbd1 Bd5 30. Nd2 b5 31. N2f3 Be4 32. Qc1 g5 33. Nh2 h5 34. Nf1 h4 35. f3 Bb7 36. Qc2 Qf6 37. Qc3 g4 38. Nh2 gxh3 39. gxh3 f4 40. Ng4 Qb6 0-1

[Event "Asia-ch U20"]
[Site "Ulaanbaatar"]
[Date "2018.08.20"]
[Round "3"]
[White "Suleymenov, Alisher"]
[Black "Erdemdalai, Yondonjamts"]
[Result "1-0"]
[WhiteElo "2343"]
[BlackElo "1788"]
[PlyCount "63"]
[EventDate "2018.08.19"]
[EventType "swiss"]
[EventRounds "9"]
[EventCountry "MGL"]
[SourceTitle "CBM 186 Extra"]
[Source "ChessBase"]
[SourceDate "2018.08.24"]
[SourceVersion "1"]
[SourceVersionDate "2018.08.24"]
[SourceQuality "1"]

1. d4 Nf6 2. c4 g6 3. Nc3 d5 4. Nf3 Bg7 5. Bf4 0-0 6. Rc1 dxc4 7. e4 c5 8. dxc5 Qa5 9. e5 Nh5 10. Be3 Rd8 11. Nd2 Bxe5 12. Bxc4 Nc6 13. 0-0 Bf4 14. Qe2 Bxe3 15. Qxe3 Nf6 16. Nf3 Bf5 17. Ng5 e6 18. Nb5 Ne8 19. h3 h6 20. Nf3 g5 21. a3 a6 22. b4 Qa4 23. Nbd4 Nxd4 24. Nxd4 Ng7 25. f4 g4 26. hxg4 Bxg4 27. f5 exf5 28. c6 Re8 29. Qc3 Ne6 30. cxb7 Rad8 31. Bxe6 fxe6 32. Nc6 1-0

[Event "World ol U16"]
[Site "Ulaanbaatar"]
[Date "2015.08.27"]
[Round "9.3"]
[White "Zhou, Jiangnan"]
[Black "Erdemdalai, Yondonjamts"]
[Result "1-0"]
[WhiteElo "2178"]
[BlackElo "1781"]
[PlyCount "73"]
[EventDate "2015.08.20"]
[EventType "team-swiss"]
[EventRounds "9"]
[EventCountry "MGL"]
[SourceTitle "EXT 2016"]
[Source "ChessBase"]
[SourceDate "2015.10.08"]
[SourceVersion "1"]
[SourceVersionDate "2015.10.08"]
[SourceQuality "1"]
[WhiteTeam "China II"]
[BlackTeam "Mongolia"]
[WhiteTeamCountry "CHN"]
[BlackTeamCountry "MGL"]

1. d4 Nf6 2. c4 g6 3. Nc3 d5 4. Nf3 Bg7 5. e3 0-0 6. Be2 dxc4 7. 0-0 a6 8. a4 b6 9. Bxc4 Bb7 10. Qd3 Nbd7 11. e4 c5 12. e5 Nh5 13. e6 Bxf3 14. Qxf3 cxd4 15. exf7+ Kh8 16. Ne4 Ne5 17. Qb3 Nxc4 18. Qxc4 e5 19. Qe6 Ra7 20. Bg5 Nf4 21. Bxd8 Nxe6 22. Bxb6 Raxf7 23. Rac1 Nf4 24. Rc2 Nd5 25. Bc5 Ne3 26. Bxf8 Nxc2 27. Bd6 Rb7 28. Rb1 Kg8 29. Kf1 d3 30. b4 Bf8 31. b5 axb5 32. axb5 Bxd6 33. Nxd6 Na3 34. Nxb7 Nxb1 35. Nd6 Kf8 36. b6 Nc3 37. Ke1 1-0

[Event "World ol U16"]
[Site "Ulaanbaatar"]
[Date "2015.08.25"]
[Round "7.4"]
[White "Erdemdalai, Yondonjamts"]
[Black "Yao, Licia"]
[Result "0-1"]
[WhiteElo "1781"]
[BlackElo "1686"]
[PlyCount "93"]
[EventDate "2015.08.20"]
[EventType "team-swiss"]
[EventRounds "9"]
[EventCountry "MGL"]
[SourceTitle "EXT 2016"]
[Source "ChessBase"]
[SourceDate "2015.10.08"]
[SourceVersion "1"]
[SourceVersionDate "2015.10.08"]
[SourceQuality "1"]
[WhiteTeam "Mongolia"]
[BlackTeam "Australia"]
[WhiteTeamCountry "MGL"]
[BlackTeamCountry "AUS"]

1. e4 e6 2. e5 d6 3. exd6 Bxd6 4. d4 Nf6 5. Nf3 0-0 6. Bd3 h6 7. Nc3 Nbd7 8. Ne2 e5 9. dxe5 Nxe5 10. Nxe5 Bxe5 11. c3 Qe7 12. h3 Rd8 13. Qc2 b6 14. 0-0 Bb7 15. Rd1 Rd7 16. Bf4 Bxf4 17. Nxf4 Rad8 18. Bf1 Qe5 19. Rxd7 Rxd7 20. Ne2 Ne4 21. Rd1 Rxd1 22. Qxd1 Nd6 23. Nd4 a5 24. Qg4 Qe1 25. Qe2 Qb1 26. a4 Bd5 27. Qe7 Bc4 28. Ne2 Ne4 29. f3 Bxe2 30. Qe8+ Kh7 31. Qxe4+ Qxe4 32. fxe4 Bxf1 33. Kxf1 Kg6 34. Ke2 Kf6 35. b4 Ke5 36. Kd3 Kd6 37. Kc4 Kc6 38. e5 axb4 39. cxb4 b5+ 40. axb5+ Kb6 41. g3 g6 42. g4 g5 43. Kd4 Kxb5 44. Kd5 Kxb4 45. Kc6 Kc4 46. Kxc7 Kd5 47. Kd7 0-1

[Event "World ol U16"]
[Site "Ulaanbaatar"]
[Date "2015.08.24"]
[Round "5.3"]
[White "Erdemdalai, Yondonjamts"]
[Black "Tarasov, Alexandr"]
[Result "1-0"]
[WhiteElo "1781"]
[BlackElo "2305"]
[PlyCount "73"]
[EventDate "2015.08.20"]
[EventType "team-swiss"]
[EventRounds "9"]
[EventCountry "MGL"]
[SourceTitle "EXT 2016"]
[Source "ChessBase"]
[SourceDate "2015.10.08"]
[SourceVersion "1"]
[SourceVersionDate "2015.10.08"]
[SourceQuality "1"]
[WhiteTeam "Mongolia"]
[BlackTeam "Russia II"]
[WhiteTeamCountry "MGL"]
[BlackTeamCountry "RUS"]

1. e4 e5 2. Nf3 Nf6 3. Nxe5 d6 4. Nf3 Nxe4 5. d4 d5 6. Bd3 Bf5 7. 0-0 Bd6 8. c3 0-0 9. Re1 Re8 10. Qc2 Nd7 11. Nbd2 Ndf6 12. Nf1 h6 13. Ne3 Bg6 14. g3 c6 15. Kg2 Qd7 16. Nh4 Bh5 17. f3 Ng5 18. g4 Bf4 19. Bf5 Qd6 20. gxh5 Bxh2 21. Qf2 Nxh5 22. Nf1 Rxe1 23. Qxe1 Nf4+ 24. Kxh2 Nd3+ 25. Qg3 Qxg3+ 26. Kxg3 Nxc1 27. Rxc1 Re8 28. Kf2 g6 29. Bd3 Nh3+ 30. Kg3 g5 31. Kxh3 gxh4 32. Kxh4 b5 33. Kg4 Kg7 34. Kf4 f6 35. Ne3 h5 36. Rg1+ Kf7 37. Bg6+ 1-0

[Event "Wch U12"]
[Site "Al Ain"]
[Date "2013.12.21"]
[Round "4"]
[White "Buckels, Valentin"]
[Black "Erdemdalai, Yondonjamts"]
[Result "1-0"]
[WhiteElo "2061"]
[BlackElo "1797"]
[PlyCount "87"]
[EventDate "2013.12.18"]
[EventType "swiss"]
[EventRounds "11"]
[EventCountry "UAE"]
[SourceTitle "CBM 158 Extra"]
[Source "ChessBase"]
[SourceDate "2014.02.28"]
[SourceVersion "1"]
[SourceVersionDate "2014.02.28"]
[SourceQuality "1"]

1. d4 Nf6 2. c4 g6 3. Nf3 Bg7 4. g3 0-0 5. Bg2 d5 6. cxd5 Nxd5 7. 0-0 Nc6 8. Nc3 Nxc3 9. bxc3 e5 10. e3 Be6 11. Ba3 Re8 12. Nd2 f5 13. Qa4 Bd5 14. Bxd5+ Qxd5 15. Rab1 a6 16. c4 Qa5 17. Qxa5 Nxa5 18. d5 b6 19. Rfc1 Rad8 20. d6 Re6 21. c5 b5 22. c6 cxd6 23. Bb4 Nc4 24. Nxc4 bxc4 25. Ba5 Rc8 26. c7 Kf7 27. Rxc4 Ree8 28. Rc6 e4 29. Rxd6 Be5 30. Rxa6 Re7 31. Rb7 Ree8 32. a4 Ke7 33. Raa7 Kd6 34. Rb1 g5 35. Rab7 Kc6 36. R7b5 f4 37. Rc1+ Kd7 38. Rd1+ Ke6 39. Rc5 fxe3 40. Rc6+ Kf5 41. fxe3 h5 42. Rf1+ Kg4 43. Kg2 h4 44. h3+ 1-0

[Event "Wch U10"]
[Site "Maribor"]
[Date "2012.11.18"]
[Round "11.11"]
[White "Ivic, Velimir"]
[Black "Erdemdalai, Yondonjamts"]
[Result "1-0"]
[WhiteElo "1892"]
[BlackElo "1765"]
[PlyCount "111"]
[EventDate "2012.11.08"]
[EventType "swiss"]
[EventRounds "11"]
[EventCountry "SLO"]
[SourceTitle "EXT 2013"]
[Source "ChessBase"]
[SourceDate "2012.11.22"]
[SourceVersion "1"]
[SourceVersionDate "2012.11.22"]
[SourceQuality "1"]

1. e4 c5 2. Nf3 d6 3. d4 cxd4 4. Nxd4 Nf6 5. Nc3 g6 6. Be3 Bg7 7. f3 0-0 8. Qd2 Nc6 9. Bc4 Bd7 10. 0-0-0 Ne5 11. Bb3 Rc8 12. Kb1 Nc4 13. Bxc4 Rxc4 14. b3 Rc8 15. h4 Qa5 16. Nd5 Qxd2 17. Nxe7+ Kh8 18. Rxd2 Rce8 19. Bf4 Rxe7 20. Bxd6 Ree8 21. Bxf8 Bxf8 22. c4 Nxe4 23. fxe4 Rxe4 24. Nc2 Bf5 25. h5 gxh5 26. Rxh5 Bg6 27. Rhd5 Bh6 28. Rf2 Bf4 29. Kb2 Bg3 30. Rf3 Be5+ 31. Ka3 Re2 32. Re3 Rxe3 33. Nxe3 Bf4 34. Nf5 h6 35. g4 b6 36. Kb4 f6 37. Rd8+ Kh7 38. Rd7+ Kh8 39. Rxa7 h5 40. Nh4 Bd6+ 41. Kb5 Be8+ 42. Kxb6 Kg8 43. Nf5 Bh2 44. Ra8 Kf8 45. gxh5 Bg1+ 46. c5 Bxc5+ 47. Kxc5 Kg8 48. Rxe8+ Kf7 49. Nd6+ Kg7 50. a4 Kh6 51. a5 Kxh5 52. Rg8 f5 53. a6 f4 54. a7 f3 55. a8Q f2 56. Qh1# 1-0